000 00893nam0a22002531 4500
001 rc\4917461
005 20250612203645.0
035 _a(NLR Aleph) 008839851
090 _a8335898
_c8335898
100 _a20130426d1967 |||y0rusy50 ca
101 0 _arus
102 _aRU
105 _ay z |||||
200 1 _aО свойствах ядер переходных областей; нечетные ядра в районе осмия
_fАкад. наук СССР. Физ.-техн. ин-т им. А.Ф. Иоффе
210 _aЛенинград
_cБ. и.
_d1967
215 _a[1], 16 с.
_d24
300 _aОтпеч. множит. аппаратом
320 _aБиблиогр.: с. 15-16
700 1 _aБерлович
_bЭ.Е.
_gЭммануил Ефремович
801 0 _aRU
_bNLR
_gpsbo
801 1 _aRU
_bELAR
_2rusmarc
852 _aNLR
_j67-7/850
942 _cBOOK
980 _aNB